| 000 | 00428cam a22001217a 4500 | ||
|---|---|---|---|
| 008 | 180718b1955 xxu||||| |||| 00| 0 eng d | ||
| 082 | _aT2508x42 Si32 | ||
| 100 | _aSilberston, Aubrey | ||
| 245 |
_aEducation and training for industrial management: a critical survey _cby Aubrey Silberston |
||
| 260 |
_aLondon _bManagement Publications Limited _c1955 |
||
| 300 | _avii, 101p. | ||
| 650 | _aIndustrial management --Study and teaching | ||
| 999 |
_c430802 _d430802 |
||